[Event "FRA-ch U12"]
[Site "Saint Paul Trois Chateaux"]
[Date "2013.05.06"]
[Round "9"]
[White "Muhajiz, Gibran"]
[Black "Chargelegue, Thomas"]
[Result "0-1"]
[WhiteElo "1525"]
[BlackElo "1773"]
[PlyCount "100"]
[EventDate "2013.04.28"]
[EventType "swiss"]
[EventRounds "9"]
[EventCountry "FRA"]
[SourceTitle "CBM 154 Extra"]
[Source "ChessBase"]
[SourceDate "2013.06.25"]
[SourceVersion "2"]
[SourceVersionDate "2013.06.25"]
[SourceQuality "1"]

1. e4 e6 2. d4 d5 3. exd5 exd5 4. Bd3 Nf6 5. Ne2 Bd6 6. 0-0 0-0 7. h3 c5 8. dxc5 Bxc5 9. Nbc3 Nc6 10. Bg5 Be6 11. Nf4 d4 12. Bxf6 Qxf6 13. Nxe6 Qxe6 14. Ne4 Be7 15. Qh5 g6 16. Qh6 Qe5 17. Rfe1 Qg7 18. Qxg7+ Kxg7 19. Bb5 a6 20. Bc4 Bb4 21. Red1 Rad8 22. Ng5 h6 23. Nxf7 Rxf7 24. Bxf7 Kxf7 25. a3 Ba5 26. b4 Bb6 27. Rac1 Ke6 28. Kf1 Kd5 29. c4+ Ke4 30. f3+ Kf4 31. c5 Bc7 32. Kf2 Kf5 33. g3 Ke5 34. Rd3 Kd5 35. f4 g5 36. fxg5 hxg5 37. Rcd1 Kc4 38. Ke2 Re8+ 39. Kd2 Ne5 40. Rc1+ Kd5 41. Rb3 Nc4+ 42. Rxc4 Kxc4 43. Rf3 Re7 44. h4 g4 45. Rd3 Rf7 46. Kc2 Rf2+ 47. Rd2 d3+ 48. Kc1 Bxg3 49. h5 Bf4 50. Kd1 Rf1# 0-1